000 00496nam a22001937a 4500
003 OSt
005 20250524143827.0
008 250515b |||||||| |||| 00| 0 eng d
020 _a9789390619344
040 _cddc
082 _a616.07
100 _aShameem Shariff
245 _aEssentials of Pathology
_cShameem Shariff
250 _a1st
260 _aNew Delhi
_bCBS Publishers and Distributors Pvt. Ltd
_c2023
650 _vPhysiotherapy
_xPathology
942 _cBK
_2ddc
999 _c249110
_d249110